000 00686nam a2200265Ia 4500
005 20260302115041.0
008 008 260114s9999 xx 000 0 eng d
020 _a9781501304989
037 _aTextbook
040 _aCRL
040 _beng
040 _cCRL
041 _2eng
041 _aeng
084 _qCRL
100 _aArmen Avanessian and Anke Hennig
_91118766
245 0 _aPresent Tense A Poetics
260 _bBloomsbury
260 _bBloomsbury Academic
260 _c2015
650 _aLiterary Studies
856 _uhttps://dx.doi.org/10.5040/9781501304989?locatt=label:secondary_bloomsburyCollections
942 _cEBOOK
999 _c1684774
_d1684774